LEADER 02009nam0 22004693i 450 001 VAN00193303 005 20240806101137.230 017 70$2N$a9781461461852 100 $a20210729d2017 |0itac50 ba 101 $aeng 102 $aUS 105 $a|||| ||||| 200 1 $aˆThe ‰Apollo Lunar Samples$eCollection Analysis and Results$fAnthony Young 210 $aNew York$cSpringer$cInternational Space University$d2017 215 $ax, 114 p.$cill.$d24 cm 410 1$1001VAN00118864$12001 $aSpringerBriefs in Space Development$1210 $aCham [etc.]$cSpringer 500 1$3VAN00193304$aˆThe ‰Apollo Lunar Samples$92595463 606 $a85-XX$xAstronomy and Astrophysics [MSC 2020]$3VANC023246$2MF 606 $a86-XX$xGeophysics [MSC 2020]$3VANC023269$2MF 610 $aApollo Lunar Landing Missions$9KW:K 610 $aApollo Missions$9KW:K 610 $aApollo Sample Preservation$9KW:K 610 $aLunar Receiving Laboratory$9KW:K 610 $aLunar Sample Analysis$9KW:K 610 $aLunar Sample Collection$9KW:K 610 $aLunar Sample Collection Tools$9KW:K 610 $aLunar Sample Mission Planning$9KW:K 610 $aLunar Studies$9KW:K 610 $aMoon Rocks$9KW:K 610 $aNASA Geology Group$9KW:K 620 $aUS$dNew York$3VANL000011 700 1$aYoung$bAnthony$3VANV107647$0351766 712 $aInternational Space University$3VANV115211$4650 712 $aSpringer $3VANV108073$4650 801 $aIT$bSOL$c20241115$gRICA 856 4 $uhttp://doi.org/10.1007/978-1-4614-6185-2$zE-book ? Accesso al full-text attraverso riconoscimento IP di Ateneo, proxy e/o Shibboleth 899 $aBIBLIOTECA DEL DIPARTIMENTO DI MATEMATICA E FISICA$1IT-CE0120$2VAN08 912 $fN 912 $aVAN00193303 950 $aBIBLIOTECA DEL DIPARTIMENTO DI MATEMATICA E FISICA$d08DLOAD e-book 3384 $e08eMF3384 20210729 996 $aApollo Lunar Samples$92595463 997 $aUNICAMPANIA LEADER 01344nam0 22003013i 450 001 LO11033475 005 20251003044214.0 010 $a8823830931 100 $a20070925d2005 ||||0itac50 ba 101 | $aita 102 $ait 181 1$6z01$ai $bxxxe 182 1$6z01$an 200 1 $aSul filo della memoria$ecinquanta anni di Pirelli e dintorni$fGavino Manca 210 $aMilano$cEgea$d2005 215 $aXIV, 217 p., [4] c. di tav.$cill.$d23 cm. 606 $aPIRELLI$xSTORIA$2FIR$3MILC113647$9E 676 $a338.7$9Produzione - Imprese$v14 676 $a338.767830945211$9IMPRESE SECONDO L'INDUSTRIA. Elastomeri e loro prodotti. Prodotti in gomma. Milano$v21 700 1$aManca$b, Gavino$3CFIV048217$4070$088829 801 3$aIT$bIT-000000$c20070925 850 $aIT-BN0095 901 $bNAP 01$cPOZZO LIB.$nVi sono collocati fondi di economia, periodici di ingegneria e scienze, periodici di economia e statistica e altri fondi comprendenti documenti di economia pervenuti in dono. 912 $aLO11033475 950 0$aBiblioteca Centralizzata di Ateneo$b1 v.$c1 v.$d 01POZZO LIB.ECON MON 446$e 0101 0000190115E VMA 1 v. precedente collocazione sez. DASES B 1258$fB $h20090831$i20090831 977 $a 01 996 $aSul filo della memoria$91525624 997 $aUNISANNIO